LDR 00773naa#a2200169#i#450# 001 EN\\bibl\123379 005 20260705225629.7 011 ## _a1994-4683 100 ## _a20230731b2023####ek#y0engy0150####ca 102 ## _aRU 200 1# _aRADIO ORIENTATION AS A MEANS OF IMPROVING PHYSICAL EDUCATION OF CHILDREN _eJournal article 210 1# _aMoscow _cNational State University of Physical Education, Sports and Health named after P.F. Lesgaft _d2023 215 ## _a4 с. 608 ## _aJournal article _2local 675 ## _aОбщие вопросы организации. Регулирование.Положения. Формальности. Спортивная деятельность, например судейство. 796.06 _z 700 #1 _aZelenskiy _gK G 856 4# _auchzapiski.lesgaft.spb.ru _u